In The Fourth Session Of The Seventh Parliament Of The Fourth Republic Of Ghana Report Of The Committee Of The Whole On The Propose Formular For The Distribution Of The District Assembly Common Fund For The Year 2020 (Record no. 5066)

MARC details
000 -LEADER
fixed length control field 00688nam a22001697a 4500
003 - CONTROL NUMBER IDENTIFIER
control field OSt
005 - DATE AND TIME OF LATEST TRANSACTION
control field 20250205103118.0
008 - FIXED-LENGTH DATA ELEMENTS--GENERAL INFORMATION
fixed length control field 250205b |||||||| |||| 00| 0 eng d
041 ## - LANGUAGE CODE
Language code of text/sound track or separate title English
082 ## - DEWEY DECIMAL CLASSIFICATION NUMBER
Classification number CR/Cf/20 Acc. No. 10,822
110 ## - MAIN ENTRY--CORPORATE NAME
Corporate name or jurisdiction name as entry element Committee Of The Whole
245 ## - TITLE STATEMENT
Title In The Fourth Session Of The Seventh Parliament Of The Fourth Republic Of Ghana Report Of The Committee Of The Whole On The Propose Formular For The Distribution Of The District Assembly Common Fund For The Year 2020
260 ## - PUBLICATION, DISTRIBUTION, ETC.
Place of publication, distribution, etc. Accra
Name of publisher, distributor, etc. Parliament Of Ghana
Date of publication, distribution, etc. 18th March, 2020
300 ## - PHYSICAL DESCRIPTION
Extent 7P; Tabs
650 ## - SUBJECT ADDED ENTRY--TOPICAL TERM
Source of heading or term Distribution Of The District Assembly Common Fund For The Year 2020
942 ## - ADDED ENTRY ELEMENTS (KOHA)
Source of classification or shelving scheme Dewey Decimal Classification
Koha item type Committee Reports
Suppress in OPAC No
Holdings
Withdrawn status Lost status Source of classification or shelving scheme Damaged status Not for loan Home library Current library Shelving location Date acquired Total checkouts Full call number Date last seen Copy number Price effective from Koha item type
    Dewey Decimal Classification     Main Library Main Library Open Shelves 05/02/2025   CR/Cf/20 Acc. No. 10,822 05/02/2025 1 05/02/2025 Committee Reports
©2026  Parliament of Ghana Library - All rights reserved